Countries Closest to Curaçao - One Minute Sprint - Statistics

General Stats
  • This quiz has been taken 46 times
  • The average score is 14 of 20
Answer Stats
km country miles % Correct
65 Venezuela 41
95%
214 Colombia 133
84%
1036 Guyana 644
76%
974 Jamaica 605
73%
865 St Kitts and Nevis 537
73%
776 Trinidad and Tobago 482
73%
996 Barbados 619
70%
1014 Cuba 630
70%
755 Grenada 469
70%
985 Panama 612
70%
854 St Lucia 530
70%
820 St Vincent and the Grenadines 510
70%
1045 Bahamas 649
68%
629 Dominican Republic 391
68%
923 Antigua and Barbuda 573
65%
872 Dominica 542
65%
687 Haiti 427
65%
967 Brazil 601
59%
77 Aruba 48
51%
897 Sint Maarten 557
24%
No matching quizzes found
Score Distribution
Percent of People with Each Score
Percentile by Number Answered
Your Score History
You have not taken this quiz